Exercicis : ciències de la Terra i del medi ambient : accés Cicles Formatius de Grau Superior : Centre de Formació d'Adults Can Batlló ciències de la Terra i del medi ambient :
Publicado:
Barcelona :
Diputació de Barcelona. Àrea d'Educació. Gerència de serveis d'Educació, [s.a.]
Descripción Física:
[94] p. ; 29 cm
MARC
| LEADER | 00000nam a2200000Ia 4500 | ||
|---|---|---|---|
| 001 | 23826 | ||
| 008 | 160829s9999 xx 000 0 cat d | ||
| 080 | |a Bib-64 | ||
| 245 | |a Exercicis : |b ciències de la Terra i del medi ambient : |b accés Cicles Formatius de Grau Superior : |b Centre de Formació d'Adults Can Batlló | ||
| 260 | |a Barcelona : |b Diputació de Barcelona. Àrea d'Educació. Gerència de serveis d'Educació, [s.a.] | ||
| 300 | |a [94] p. ; |c 29 cm | ||
| 650 | |a Medi ambient |x Problemes, exercicis, etç |9 49798 | ||
| 650 | |a Ciènceis de la naturalesa |x Problemes, exercicis, etç |9 49799 | ||
| 710 | |a Barcelona (Catalunya : Província). |b Gerència de Serveis d'Educació |9 52167 | ||
| 710 | 2 | |a Centre de Formació d'Adults Can Batlló |9 55011 | |
| 901 | |a Arxiu | ||
| 942 | |n 1 | ||
| 952 | |0 0 |1 0 |4 0 |6 BIB64 |7 1 |9 55602 |a Arxiu |b Arxiu |d 2016-12-01 |l 0 |o Bib-64 |p 23826 |r 2016-12-01 00:00:00 |w 2016-12-01 |y ARXIU | ||
| 999 | |c 59475 |d 59475 | ||